00546nam a22001817a 450000500170000001000140001702000250003103500130005603700130006908200100008210000200009224500750011226000390018727000610022630000220028750000240030965000310033320100810161444.0 aENG-99417 a9788188787166c75.00 aEN-82949 bDBAD/PUB a658.3 aArumugam, M. U. aHuman resources and economic development in India /cby M. U. Arumugam aChennaibSudaroli Pathipagamc2009 a99, Panchali Amman Koil Street, ArumbakkambChennaie106 a108p.c21cm (pbk) aIncludes references aHuman Resource Development